000 00883nac a22002051u 4500
008 100907t xxu||||| |||| 00| 0 eng d
010 _a 2003270491
022 _a0415383935.
035 _a(OCoLC)ocm50857510
082 0 0 _a624.1513
_bAYS
100 _aAysen, A.
_918550
245 1 0 _aSoil Mechanics :
_bBasic Concepts and Engineering Applications /
_cA. Aysen.
260 _aLisse, The Netherlands ;
_aExton (PA):
_bA.A. Balkema Pub.,
_cc2002.
300 _avii, 459 p. :
_bill. ;
_c25 cm.
504 _aIncludes bibliographical references and index.
650 0 _aSoil mechanics.
_918551
856 4 2 _3Publisher description
_uhttp://www.loc.gov/catdir/enhancements/fy0653/2003270491-d.html
942 _cBB
_k624.1513AYS
_2ddc
999 _c2877
_d2877